Engineering economy (Record no. 1549)

000 -LEADER
fixed length control field 00674nam a22002294a 4500
001 - CONTROL NUMBER
control field 1549
003 - CONTROL NUMBER IDENTIFIER
control field BD-DhUET
008 - FIXED-LENGTH DATA ELEMENTS--GENERAL INFORMATION
fixed length control field 000424s2001 njua b 001 0 eng
020 ## - INTERNATIONAL STANDARD BOOK NUMBER
International Standard Book Number 013028128X
040 ## - CATALOGING SOURCE
Original cataloging agency DLC
Transcribing agency DLC
Modifying agency BD-DhUET
082 00 - DEWEY DECIMAL CLASSIFICATION NUMBER
Classification number 620.02
Item number THU/2001
100 ## - MAIN ENTRY--PERSONAL NAME
Personal name Thuesen, G. J.
245 10 - TITLE STATEMENT
Title Engineering economy
Statement of responsibility, etc. by G.J. Thuesen and W.J. Fabrycky
250 ## - EDITION STATEMENT
Edition statement 9th ed.
260 ## - PUBLICATION, DISTRIBUTION, ETC. (IMPRINT)
Place of publication, distribution, etc. New Jersy
Name of publisher, distributor, etc. Prentice Hall
Date of publication, distribution, etc. 2001
300 ## - PHYSICAL DESCRIPTION
Extent xiv, 637 p.
Other physical details ill.
Dimensions 25 cm.
490 ## - SERIES STATEMENT
Series statement Prentice hall international series in industrial and sytems engineering
504 ## - BIBLIOGRAPHY, ETC. NOTE
Bibliography, etc Includes bibliographies
650 #0 - SUBJECT ADDED ENTRY--TOPICAL TERM
Topical term or geographic name as entry element Engineering economy
700 1# - ADDED ENTRY--PERSONAL NAME
Personal name Fabrycky, W. J.
942 ## - ADDED ENTRY ELEMENTS (KOHA)
Koha item type General Book
Holdings
Sublocation or collection (holding branch) Koha full call number Koha issues (times borrowed) Source of classification or shelving scheme Piece designation (barcode) Date acquired Price effective from Location (home branch) Lost status Koha item type Damaged status Koha normalized classification for sorting Copy number Not for loan Shelving location Koha date last borrowed Withdrawn status Koha date last seen
Central Library, BUET620.02/THU/2001  1025962014-09-082014-09-08Central Library, BUET General Book 620_000000000000000_02THU20011 Circulation section  2014-09-08
Central Library, BUET620.02/THU/2001  1025942014-09-082014-09-08Central Library, BUET General Book 620_000000000000000_02THU20012 Circulation section  2014-09-08
Central Library, BUET620.02/THU/20011 1025902014-09-082014-09-08Central Library, BUET General Book 620_000000000000000_02THU20013 Circulation section2021-11-29 2021-12-20
Central Library, BUET620.02/THU/2001  1025952014-09-082014-09-08Central Library, BUET General Book 620_000000000000000_02THU20014 Circulation section  2014-09-08
Central Library, BUET620.02/THU/2001  1025892014-09-082014-09-08Central Library, BUET General Book 620_000000000000000_02THU20015 Circulation section  2014-09-08
Central Library, BUET620.02/THU/2001  1025882014-09-082014-09-08Central Library, BUET General Book 620_000000000000000_02THU20016 Circulation section  2014-09-08
Central Library, BUET620.02/THU/20012 1025922014-09-082014-09-08Central Library, BUET General Book 620_000000000000000_02THU20018 Circulation section2022-03-21 2022-04-16
Central Library, BUET620.02/THU/2001  1025912014-09-082014-09-08Central Library, BUET General Book 620_000000000000000_02THU20019 Circulation section  2014-09-08
Central Library, BUET620.02/THU/2001  1025932014-09-152014-09-15Central Library, BUET General Book 620_000000000000000_02THU200110 Circulation section  2014-09-15
Central Library, BUET620.02/THU/20013 1018772014-09-272014-09-27Central Library, BUET General Book 620_000000000000000_02THU200111 Circulation section2021-12-04 2021-12-20
Central Library, BUET620.02/THU/2001  1128382014-10-192014-10-19Central Library, BUET General Book 620_000000000000000_02THU200112 Circulation section  2014-10-19
Central Library, BUET620.02/THU/2001  1018782014-11-232014-11-23Central Library, BUET General Book 620_020000000000000_THU_200113 Circulation section  2014-11-23